|
|
|
|
| LEADER |
00000nkm a2200000 a 4500 |
| 001 |
vtls010859631 |
| 003 |
SK-MaSNL |
| 005 |
20260425223402.0 |
| 007 |
kf bo |
| 008 |
231214n xo g 00 kuslo |
| 015 |
|
|
|a SNBG
|
| 035 |
|
|
|a FD95F9B1-8751-4EA1-AEFD-5768AF5A239E
|
| 035 |
|
|
|a urn:nbn:sk:snk-kmy0j2
|
| 035 |
|
|
|a urn:nbn:sk:snk-km007x2l
|
| 040 |
|
|
|a SNK
|b slo
|c SNK
|e AACR2
|
| 041 |
0 |
|
|a slo
|
| 043 |
|
|
|a e-xo---
|
| 044 |
|
|
|a xo
|c SK
|
| 080 |
|
|
|a 625.5
|2 2011
|
| 080 |
|
|
|a 908(437.6)
|2 2001
|
| 080 |
|
|
|a (084.121)
|2 2001
|
| 080 |
|
|
|a (234.372.4)
|2 2008
|
| 245 |
0 |
0 |
|a Vysoké Tatry - Tatranská Lomnica (850 m)
|h grafika
|b údolná stanica lanovky na Lomnický štít (2632 m)
|
| 260 |
|
|
|a [Bratislava]
|b VPL
|c [s.a.]
|
| 300 |
|
|
|a 1 pohľadnica
|b čiernobiela
|c 11 x 15 cm
|
| 650 |
0 |
7 |
|a lanovky
|2 SNKPH
|9 16006
|
| 651 |
|
7 |
|a Vysoké Tatry (Poľsko a Slovensko : pohorie)
|2 SNKPHgeo
|9 67729
|
| 651 |
|
7 |
|a Slovensko
|2 SNKPH
|9 14231
|
| 651 |
|
7 |
|a Tatranská Lomnica (Vysoké Tatry, Slovensko)
|2 SNKPH
|9 160914
|
| 655 |
|
7 |
|a miestne pohľadnice
|2 SNKPH
|9 70510
|
| 852 |
|
|
|a Slovenská národná knižnica
|
| 958 |
|
|
|a GC
|
| 958 |
|
|
|a GBN
|
| 958 |
|
|
|a OND
|
| 999 |
|
|
|c 584313
|d 586243
|
| 952 |
|
|
|a SNK
|b SNK
|y PREZ
|7 0
|p 17A1078864
|o snkSP 1241
|0 0
|1 0
|4 0
|d 2015-08-11
|f 1
|l 0
|r 2026-02-23 15:03:48
|w 2026-02-23
|